Statistics for Chelsea Scorers in 2010s Champions League

Click here to take the quiz!

General Stats

  • This quiz has been taken 303 times
  • The average score is 23 of 35

Answer Stats

PlayerNationGls% Correct
Didier DrogbaIvory Coast13
100%
Eden HazardBelgium8
97%
WillianBrazil9
89%
Frank LampardEngland5
88%
John TerryEngland4
88%
Fernando TorresSpain10
87%
Branislav IvanovićSerbia5
84%
OscarBrazil8
81%
Demba BaSenegal3
80%
Michael EssienGhana2
80%
Samuel Eto'oCameroon3
80%
Nicolas AnelkaFrance10
79%
Diego CostaSpain2
78%
John Obi MikelNigeria2
77%
RamiresBrazil7
77%
Salomon KalouIvory Coast5
76%
Juan MataSpain5
75%
Cesc FàbregasSpain4
74%
Nemanja MatićSerbia2
74%
César AzpilicuetaSpain1
71%
Gary CahillEngland4
71%
David LuizBrazil4
66%
Florent MaloudaFrance1
66%
PedroSpain1
63%
Victor MosesNigeria1
62%
Álvaro MorataSpain1
56%
André SchürrleGermany2
48%
Raul MeirelesPortugal2
48%
Yuri ZhirkovRussia1
40%
Kurt ZoumaFrance1
37%
Michy BatshuayiBelgium2
36%
Davide ZappacostaItaly1
32%
Daniel SturridgeEngland2
31%
Loïc RémyFrance1
18%
Tiemoué BakayokoFrance1
18%

Score Distribution

Percentile by Number Answered

Percent of People with Each Score

Your Score History

You have not taken this quiz